| 000 | 00952nac a22002411u 4500 | ||
|---|---|---|---|
| 008 | 100906s2004 ii |||||r|||| 001 0 eng d | ||
| 010 | _a2004103177 | ||
| 020 | _a0764557599 (pbk.) | ||
| 035 | _a(DLC) 2004103177 | ||
| 082 |
_a005.133 _bROB _222 |
||
| 100 |
_aRobinson, Simon _918224 |
||
| 245 | 0 | 0 |
_a / _aProfessional C _cSimon Robinson ... [et al.]. |
| 250 | _a3rd ed. | ||
| 260 |
_aIndianapolis, IN : _bWiley Pub., _cc2004. |
||
| 300 |
_axxxvii, 1356 p. : _bill. ; _c24 cm. |
||
| 500 | _aIncludes index. | ||
| 650 | 0 |
_a (Computer program language) _aC _918225 |
|
| 700 | 1 |
_aRobinson, Simon, _d1965- _918226 |
|
| 856 | 4 | 1 |
_3Table of contents _uhttp://www.loc.gov/catdir/toc/wiley041/2004103177.html |
| 856 | 4 | 1 |
_3Contributor biographical information _uhttp://www.loc.gov/catdir/bios/wiley047/2004103177.html |
| 856 | 4 | 1 |
_3Publisher description _uhttp://www.loc.gov/catdir/description/wiley041/2004103177.html |
| 942 |
_cBB _k005.133ROB _2ddc |
||
| 999 |
_c486 _d486 |
||